000 00286nam a22001337a 4500
008 181022b xxu||||| |||| 00| 0 eng d
020 _a9781583226070
041 _aeng
080 _a316
100 _a50
101 _aSOC
245 _aUrban Injustice
_cHilfiker,D
942 _2udc
_cBK
999 _c50426
_d50426